| 000 | 00985nam a2200277Ia 4500 | ||
|---|---|---|---|
| 001 | 2983 | ||
| 003 | GE_BSU | ||
| 008 | 181216s||||||||xx |||||||||||||| ||und|| | ||
| 020 | _a590085937 | ||
| 040 | _cGE_BSU | ||
| 080 | _a658 | ||
| 100 | _aОтт, Ричард | ||
| 245 | _aСоздавая спрос: Эффективные советы и рекомендации по маркетингу ваших товаров и услуг | ||
| 245 | _bCreating Demand | ||
| 245 | _cпер. с англ. А. И. Меркурьев; ред. О.В. Джишкариани | ||
| 260 | _aМосква | ||
| 260 | _bИнформационно-издательский дом "Филинъ", | ||
| 260 | _c1997 | ||
| 300 | _a320 с. 20 см. | ||
| 541 | _h8 л. | ||
| 653 | _aрекомендации по маркетингу | ||
| 653 | _aСоздавая спрос | ||
| 653 | _aЭффективные советы | ||
| 653 | _aმარკეტინგი | ||
| 942 | _cBK | ||
| 999 |
_c37029 _d37029 |
||